000
00269nam a22001097a 4500
008
170125b xxu||||| |||| 00| 0 eng d
020
_a
9780763729523
041
_a
eng
080
_2
4TH
_a
61
245
_a
ESSENTIAL CONCEPTS FOR HEALTHY LIVING
_c
ALTERS, S
942
_2
udc
_c
BK
999
_c
3655
_d
3655